000 01422cam a2200397 a 4500
001 22194
003 VRT
005 20260321130429.0
008 240318s2013 xo e 000 f slo
015 _aSNBA2013/04
020 _a9788055133270
_q(viaz.)
035 _aF287FF17-2270-4C86-A2E6-36ECC4D76170
035 _aurn:nbn:sk:snk-amjmxa
035 _aurn:nbn:sk:snk-am001qt3
039 9 _a202403181712
_bVLOAD
_c201911101908
_dAUTHORITY
_c201911101853
_dAUTHORITY
_c201604301156
_dVLOAD
040 _aTVZK
_bslo
_cTVZK
_dSNK
_eAACR2
041 1 _aslo
_heng
044 _axo
_cSK
072 7 _a821.111(73)-3
_xAmerická próza
_2konspekt
080 _a821.111(73)-31
_22001
100 1 _aSteel, Danielle,
_d1947-
_4aut
240 1 0 _aHotel Vendôme
_lSlovensky
245 1 0 _aHotel Vendôme
_cDanielle Steel ; [z angl. originálu preložila Tamara Chovanová]
250 _aVyd. 1.
260 _aBratislava
_bIkar
_c2013
300 _a272 s.
_c21 cm
655 7 _aamerické romány
_2SNKPH
655 7 _aAmerican fiction
_2SNKPHeng
700 1 _aChovanová, Tamara,
_d1953-
_4trl
942 _2ddc
_cKLDO
_n0
949 _6270001000409958
_asvkbbA 137802
_bsvkbbm 734753
949 _617A1065972
_asnkSC 153741
_bsnk2013/6491
_o835/13
949 _62889197291
_asavukPV 17333
_bsavuk2013/785
949 _617A1066348
_asnkSC 153741 D1
_bsnk2013/7300
_o835/13
_s6100:20140925
949 _6273K0570840
_asvkpoA 221325
_bsvkpo572743
999 _c22194
_d22194